| 000 | 00572nam a22001937a 4500 | ||
|---|---|---|---|
| 999 |
_c189445 _d189445 |
||
| 005 | 20220701103328.0 | ||
| 010 | _aENG-132965 | ||
| 020 |
_a9789389146165 _c210.00 |
||
| 035 | _aEN-116497 | ||
| 037 | _bDBAD/PUB | ||
| 082 | _a332 | ||
| 100 | _aChandrasekaran, R. | ||
| 245 |
_aFinancial Services/ _cR. Chandrasekaran and C. Kandasamy |
||
| 260 |
_aMadurai _bShanlax Publications _c2019 |
||
| 270 |
_a61, 66 T.P.K. Main Road, Vasantha Nagar _bMadurai _e625003 |
||
| 300 |
_a151p. _c22cm(pbk) |
||
| 700 | _aKandasamy, C. | ||
| 942 |
_2ddc _cEN _h332 _mCHA |
||